| 000 | 01384nam a22003494a 4500 | ||
|---|---|---|---|
| 001 | ebr5007370 | ||
| 003 | CaPaEBR | ||
| 006 | m u | ||
| 007 | cr cn||||||||| | ||
| 008 | 000808s2000 dcua sb i000 0 eng | ||
| 010 | _z 00063436 | ||
| 020 | _z0821348183 | ||
| 040 |
_aCaPaEBR _cCaPaEBR |
||
| 035 | _a(OCoLC)50553146 | ||
| 050 | 1 | 4 |
_aHC79.C3 _bB795 2000eb |
| 082 | 0 | 4 |
_a332.67/253 _221 |
| 100 | 1 |
_aBubnova, Nina, _d1974- |
|
| 245 | 1 | 0 |
_aGovernance impact on private investment _h[electronic resource] : _bevidence from the international patterns of infrastructure bond risk pricing / _cNina B. Bubnova. |
| 260 |
_aWashington, DC : _bWorld Bank, _c2000. |
||
| 300 |
_axiv, 79 p. : _bill. |
||
| 490 | 1 |
_aWorld Bank technical paper ; _vno. 488 |
|
| 504 | _aIncludes bibliographical references. | ||
| 533 |
_aElectronic reproduction. _bPalo Alto, Calif. : _cebrary, _d2013. _nAvailable via World Wide Web. _nAccess may be limited to ebrary affiliated libraries. |
||
| 650 | 0 |
_aInfrastructure (Economics) _xFinance. |
|
| 650 | 0 | _aCorporate governance. | |
| 650 | 0 | _aInvestments. | |
| 650 | 0 | _aCountry risk. | |
| 655 | 7 |
_aElectronic books. _2local |
|
| 710 | 2 | _aebrary, Inc. | |
| 830 | 0 |
_aWorld Bank technical paper ; _vno. 488. |
|
| 856 | 4 | 0 |
_uhttp://site.ebrary.com/lib/rucke/Doc?id=5007370 _zAn electronic book accessible through the World Wide Web; click to view |
| 999 |
_c5153 _d5153 |
||